000 01041 a2200337 4500
001 200425087
003 TR-AnTOB
005 20250429110711.0
008 160929s tu 000 0
020 _a9786050500134
040 _aTRTET
_beng
_erda
_cTR-AnTOB
041 0 _atur
050 0 0 _aKKX1888
_b.A77 2015
090 _aKKX1888
_b.A77m 2015
100 1 _aArslan, Ramazan
_980525
245 1 0 _aİcra ve İflas Kanunu ve ilgili mevzuat :
_bnotlu-gerekçeli /
_c[hazırlayanlar] Ramazan Arslan [ve diğer 3 kişi].
264 _aAnkara :
_bYetkin Yayınları,
_c2015.
264 _b,
_c©2015
300 _a494 pages. ;
_c19cm
336 _atext
_2rdacontent
337 _aunmediated
_2rdamedia
338 _avolume
_2rdacarrier
504 _aIncludes index
650 0 0 _938711
_aExecutions (Law)
_zTurkey
650 0 0 _aİcra-iflas hukuku
_zTürkiye
_xTürkiye.
_9115811
700 1 _aYılmaz, Ejder
_910788
700 1 _aTaşpınar Ayvaz, Sema
_9115841
700 1 _aHanağası, Emel
_9118570
942 _cBK
_2lcc
999 _c200425087
_d24576